Statystyki dla Wszyscy gospodarze Mistrzostw Europy w koszykówce

Kliknij tutaj aby rozwiązać quiz!

Ogólne statystyki

  • Ten quiz został rozwiązany 38 razy
  • Średni wynik to 47 z 56

Statystyki odpowiedzi

RokGospodarz% Poprawnych
1997Hiszpania
97%
2007Hiszpania
97%
1973Hiszpania
97%
1993Niemcy
97%
2022Niemcy
97%
2015Niemcy
97%
1963Polska
97%
2009Polska
97%
2025Polska
97%
1953Związek Radziecki
97%
1965Związek Radziecki
97%
2015Francja
93%
1999Francja
93%
1983Francja
93%
1951Francja
93%
1985Niemcy Zachodnie
93%
1971Niemcy Zachodnie
93%
1979Włochy
93%
2022Włochy
93%
1991Włochy
93%
1969Włochy
93%
2005Czarnogóra (Jugosławia)
90%
2011Litwa
90%
1939Litwa
90%
1941Litwa
90%
2015Łotwa
90%
1937Łotwa
90%
2025Łotwa
90%
2005Serbia (Jugosławia)
90%
2003Szwecja
90%
1977Belgia
87%
2022Czechy
87%
1975Jugosławia
87%
1989Jugosławia
87%
1961Jugosławia
87%
2017Finlandia
83%
1967Finlandia
83%
2025Finlandia
83%
2017Rumunia
83%
2017Turcja
83%
1959Turcja
83%
2001Turcja
83%
1995Grecja
80%
1987Grecja
80%
2013Słowenia
77%
1955Węgry
77%
1957Bułgaria
73%
1946Szwajcaria
73%
1935Szwajcaria
73%
1947Czechosłowacja
67%
1981Czechosłowacja
67%
2017Izrael
67%
2015Chorwacja
63%
2022Gruzja
47%
2025Cypr
37%
1949Egipt
33%

Rozkład punktacji

Percentyl według liczby udzielonych odpowiedzi

Procent ludzi z każdym wynikiem

Twoja historia wyników

Nie rozwiązałeś tego quizu